La Rota española / (Record n. 30550)

Dettagli MARC
000 -LEADER
fixed length control field 00942nam a2200229 i 4500
003 - CONTROL NUMBER IDENTIFIER
control field IT-RoINE
005 - DATE AND TIME OF LATEST TRANSACTION
control field 20190524041941.0
008 - FIXED-LENGTH DATA ELEMENTS--GENERAL INFORMATION
fixed length control field 990624s1946 sp ah r 000 | spa d
040 ## - CATALOGING SOURCE
Original cataloging agency USA.SABUS
Modifying agency UPSA
-- IT-RoINE
Transcribing agency esslup IT-RoINE
100 1# - MAIN ENTRY--PERSONAL NAME
Personal name Cantero Cuadrado, Pedro,
9 (RLIN) 17650
Dates associated with a name 1902-1978
245 13 - TITLE STATEMENT
Title La Rota española /
Statement of responsibility, etc por Pedro Cantero.
260 ## - PUBLICATION, DISTRIBUTION, ETC. (IMPRINT)
Place of publication, distribution, etc Madrid :
Name of publisher, distributor, etc [s.n.],
Date of publication, distribution, etc 1946.
300 ## - PHYSICAL DESCRIPTION
Extent 259 p., [6] h. de lám., [1] h.de lám. pleg. ;
Dimensions 25 cm.
336 ## - CONTENT TYPE
Source rdacontent
Content type term text
337 ## - MEDIA TYPE
Source rdamedia
Media type term unmediated
338 ## - CARRIER TYPE
Source rdacarrier
Carrier type term volume
500 ## - GENERAL NOTE
General note Precede al tít.: Consejo Superior de Investigaciones Científicas, Instituto "San Raimundo de Peñafort".
504 ## - BIBLIOGRAPHY, ETC. NOTE
Bibliography, etc Incluye bibliografía.
610 24 - SUBJECT ADDED ENTRY--CORPORATE NAME
Corporate name or jurisdiction name as entry element Iglesia Católica.
Subordinate unit Apostolica Nuntiatura (España).
-- Tribunal Rotae
General subdivision Historia
-- Fuentes
9 (RLIN) 59936
710 2# - ADDED ENTRY--CORPORATE NAME
9 (RLIN) 821
Corporate name or jurisdiction name as entry element Instituto San Raimundo de Peñafort de Derecho Canónico (Salamanca, España)
942 ## - ADDED ENTRY ELEMENTS (KOHA)
Item type Monografías
Dati di copia
Withdrawn status Lost status Damaged status Not for loan Home library Current library Date acquired Total Checkouts Full call number Barcode Date last seen Price effective from Koha item type
        Iglesia Nacional Española en Roma Iglesia Nacional Española en Roma 24/05/2019   FUE.HIS.ECL 90 56710 24/05/2019 24/05/2019 Monografías